000 00613nam a2200205Ia 4500
999 _c53315
_d53315
003 GCL
005 20240530105122.0
008 140319s9999 xx 000 0 ara d
040 _aGCL /
_cGCL
082 0 4 _a219/
_bم ح
100 1 _aمحمد الغزالى
245 1 0 _aالحق المر /
_cمحمد الغزالى
250 _aالرابعة
260 _aالقاهرة :
_bدار الشروق ،
_c1998
300 _a175 ص ؛
_c24 سم
650 0 4 _aالاسلام
650 0 4 _aالاسلام والمجتمع
650 0 4 _aالاسلام والاصلاح الاجتماعى
942 _2ddc
_cBK